• 首页
  • 本馆介绍
  • 公告通知
  • 最新文献
  • 馆藏检索
  • 电子资源
  • 读者荐购
  • 参考咨询
  • CALIS
  • 我的图书馆
  • 登录
  • 详细信息显示
  • 放入我的书架
  • 预约/预借图书
  • 作者相关作品
  • 分类相关作品
  • 丛书相关作品
  • 出版社相关作品

书目信息

  • 表格格式
  • 工作单格式
  • 卡片格式
题名:
南极洲:企鹅的家园
    
 
作者: 乔纳斯·斯科特 著 ;安杰拉·斯科特著 摄
分册: 1   十级
出版信息: 北京   外语教学与研究出版社  2016.06
页数: 31页
开本: 20cm
丛书名:
单 册:
中图分类: H319.4
科图分类:
主题词: 英语
电子资源:
ISBN: 978-7-5135-7603-1
 
 
 
 
 
000 00913nam0 2200253 450
001 2631097817
005 20260626083933.72
010    @a978-7-5135-7603-1
100    @a20260625d2016 km y0chiy0120 ea
101 0  @achi
102    @aCN@b110000
200 1  @a南极洲:企鹅的家园@ANan Ji Zhou:Qi E De Jia Yuan@e大猫英语分级阅读@h1@i十级@f(英)乔纳斯·斯科特著;(英)安杰拉·斯科特著摄@F(Ying)Qiao Na Si·Si Ke Te Zhu;(Ying)An Jie La·Si Ke Te Zhu She
210    @a北京@c外语教学与研究出版社@d2016.06
215    @a31页@d20cm
300    @a适合小学六年级、初中一年级
503    @n河南城建学院图书馆
517 1  @a大猫英语分级阅读@ADa Mao Ying Yu Fen Ji Yue Du
517 1  @a十级@AShi Ji
606 0  @a英语
690    @aH319.4@v4
701  0 @a乔纳斯·斯科特@AQiao Na Si·Si Ke Te@4著
702  0 @4摄@a安杰拉·斯科特著@AAn Jie La·Si Ke Te Zhu
801  0 @aCN@b河南城建学院图书馆@c20260625
905    @dH319.4@eQ328:10:1
    
    南极洲:企鹅的家园:大猫英语分级阅读.1.十级/(英)乔纳斯·斯科特著;(英)安杰拉·斯科特著摄.-北京:外语教学与研究出版社,2016.06
    31页;20cm
    适合小学六年级、初中一年级
    
    ISBN 978-7-5135-7603-1:
    
●
相关链接 在E读中查询图书 在当当中查询图书 在豆瓣中查询图书


正题名:南极洲:企鹅的家园     索取号:H319.4/Q328:10:1         预约/预借

序号 登录号 条形码 馆藏地/架位号 状态 备注
1 1557287   215572878   外国语学院资料室/ [索取号:H319.4/Q328:10:1] 在馆    
河南城建学院图书馆 欢迎您!
大连网信软件有限公司© 版权所有